01952agaaa2200301 45000010005000000030009000050050017000140070009000310080040000400400023000800410013001031000057001161300016001732450215001892500022004042600099004263000034005255080213005595110088007725200443008605380016013035460013013196500057013327000056013897000069014457000071015147000065015859372IT-RoPAU20220918181230.0d cvaizq50131s9999||||xx ||| | || ||und|| aIT-RoPAUcIT-RoPAU aITALIANO aFesta Campanile PasqualegCodice regista SPICS: 6677 aQUA LA MANO aQUA LA MANOcProdotto da: De Laurentiis A. E L -- Sceneggiatura: Oldoini Enrico Festa Campanile Pasquale Jemma Ottavio -- Diretto da: Festa Campanile PasqualepQUA LA MANO (Rif. Codice opera principale : H9372) aEdizione Standard a(ITALIA)bFILMAURO / Distribuzione: MONDADORIg"1980 (1° ed.: 2009 ; Ed. Lingua Orig.: 1980)" aDVDbsonoro, col.c120 minuti a"Fotografia: Ferrando Giancarlo; Montaggio: Gallitti Alberto; Musica: Detto Mariano; Sceneggiatura: Oldoini Enrico Festa Campanile Pasquale Jemma Ottavio; Soggetto: Festa Campanile Pasquale -- Oldoini Enrico" a"0Montesano Enrico; Russo Adriana; Leroy Philippe; Celentano Adriano; Carati Lilli" aFILM A EPISODI. PRIMO EPISODIO-STO COSI' COL PAPA: ORAZIO, VETTURINO ROMANO, HA L'IDEA FISSA DI INCONTRARSI COL PAPA. UN GIORNO, AVVENTURATOSI NELLA VILLA DI CASTEL GANDOLFO, COLPISCE PER LA SUA SIMPATIA IL BONARIO PONTEFICEE NE DIVENTA AMICO. SECONDO EPISODIO-IL PRETE BALLERINO: DON FULGENZIO, PARROCO DI UN PICCOLO PAESE, IL SABATO SERA, SOTTO MENTITE SPOGLIE, FREQUENTAUNA BALERA DIMOSTRANDOSI PIU' ABILE NEL BALLO CHE NELLE PREDICHE. aPAL, STEREO aITALIANO aCOMMEDIAeDVD-FILM [DVD]xCodice MATERIA SPICS: 9947 aDetto Marianoe(musica)gCodice Musica SPICS: 18009 aFesta Campanile Pasquale e(regista)gCodice regista SPICS: 6677 aFesta Campanile Pasquale e(soggetto)gCodice Soggetto SPICS: 6677 aOldoini Enrico e(soggetto)gCodice Soggetto 2° SPICS: 3092